00378nam a2200121Ia 4500008004100000020001800041040002900059050002200088100002100110245006000131260002600191700003900217221021s9999||||xx |||||||||||||| ||und|| a0-536-12699-2 cChuka University Library aPN 90b .C36 2002 aCampbell Richard 0aMedia and Culture:An introduction to mass communication aBostonbBedfordc2002 aChristopher R. MartinBettina Fabos